| 000 | 00447nam a2200145 4500 | ||
|---|---|---|---|
| 001 | 136327 | ||
| 003 | ES-MaACL | ||
| 005 | 20230906195106.0 | ||
| 007 | t| | ||
| 008 | 070214s1916 sp r ||||1| spa d | ||
| 100 | 1 |
_aSacanella y Vidal, Emilio. _9101229 |
|
| 245 | 1 | 4 |
_aLos éxitos de la prostatectomía vesical XV y XVI _b: series de operados / _cEmilio Sacanella y Vidal. |
| 260 |
_aBarcelona : _b[s.n.], _c1916. |
||
| 852 |
_aES-MaACL _j1502-F-22 |
||
| 999 |
_c136327 _d136327 |
||